| 000 -LEADER | |
|---|---|
| fixed length control field | 00476nam a22001817a 4500 |
| 005 - DATE AND TIME OF LATEST TRANSACTION | |
| control field | 20230118121635.0 |
| 008 - FIXED-LENGTH DATA ELEMENTS--GENERAL INFORMATION | |
| fixed length control field | 200320b xxu||||| |||| 00| 0 eng d |
| 020 ## - INTERNATIONAL STANDARD BOOK NUMBER | |
| ISBN | 9788123912097 |
| 041 ## - LANGUAGE CODE | |
| Language code of text/sound track or separate title | eng |
| 082 ## - DEWEY DECIMAL CLASSIFICATION NUMBER | |
| Classification number | 615.32 |
| 100 ## - MAIN ENTRY--AUTHOR NAME | |
| Personal name | KALIA,A.N |
| 245 ## - TITLE STATEMENT | |
| Title | TEXTBOOK OF INDUSTRIAL PHARMACOGNOSY |
| 250 ## - EDITION STATEMENT | |
| Edition statement | 1'ST |
| 260 ## - PUBLICATION, DISTRIBUTION, ETC. (IMPRINT) | |
| Place of publication | NEW DELHI |
| Name of publisher | CBS PUBLISHERS AND DISTRIBUTORS |
| Year of publication | 2019 |
| 300 ## - PHYSICAL DESCRIPTION | |
| Number of Pages | 285P. XVI |
| 650 ## - SUBJECT ADDED ENTRY--TOPICAL TERM | |
| Topical Term | PHARMACY |
| General subdivision | B.PHARMA & D.PHARMA |
| 942 ## - ADDED ENTRY ELEMENTS (KOHA) | |
| Koha item type | Books |
| Lost status | Damaged status | Collection code | Home library | Current library | Shelving location | Date acquired | Cost, normal purchase price | Full call number | Accession Number | Koha item type | Source of acquisition |
|---|---|---|---|---|---|---|---|---|---|---|---|
| PHARMACY | JRU Library | JRU Library | Shelf - 26- B | 20/03/2020 | 425.00 | 615.32 | 23872 | Books | |||
| Reference | JRU Library | JRU Library | SHELF-4-C | 09/02/2022 | 550.00 | 615.32 | 26037 | Books | PURCHASE | ||
| PHARMACY | JRU Library | JRU Library | Shelf - 26- B | 09/02/2022 | 550.00 | 615.32 | 26038 | Books | PURCHASE | ||
| PHARMACY | JRU Library | JRU Library | Shelf - 26- B | 09/02/2022 | 550.00 | 615.32 | 26039 | Books | PURCHASE | ||
| PHARMACY | JRU Library | JRU Library | Shelf - 26- B | 09/02/2022 | 550.00 | 615.32 | 26040 | Books | PURCHASE | ||
| PHARMACY | JRU Library | JRU Library | Shelf - 26- B | 09/02/2022 | 550.00 | 615.32 | 26041 | Books | PURCHASE | ||
| PHARMACY | JRU Library | JRU Library | Shelf - 26- B | 09/02/2022 | 550.00 | 615.32 | 26042 | Books | PURCHASE | ||
| PHARMACY | JRU Library | JRU Library | Shelf - 26- B | 09/02/2022 | 550.00 | 615.32 | 26043 | Books | PURCHASE | ||
| PHARMACY | JRU Library | JRU Library | Shelf - 26- B | 09/02/2022 | 550.00 | 615.32 | 26044 | Books | PURCHASE |